000 00465nam a22001697a 4500
005 20250422174109.0
008 250422b |||||||| |||| 00| 0 eng d
020 _a8170146860
050 _aHA29 KAP
100 _aKapoor V. K.
245 _aStatistics:
_bProblems & Solutions
_cV. K. Kapoor
250 _a7th Ed.
260 _aNew Delhi
_bSultan Chand & Sons
_c2000
300 _avarious pagings
_bill.
_c21 cm
650 _2Statistics
942 _2lcc
_cBK
_e7th Ed.
_n0
999 _c5507
_d5507